000 00470nam a2200181Ia 4500
005 20250326124508.0
008 250326s9999 xx 000 0 und d
037 _aTextbook
040 _aFMSL
_beng
_cFMSL
041 _aeng
_2eng
084 _aX:8 K4
_qFMSL
100 _aBlackwell M
245 0 _aClerical methods for managers
_cBlackwell M
260 _aNY
_bNY, Macmillan
_c1964
300 _a224p
942 _cTB
_hX:8 K4
999 _c1273948
_d1273948